000 00592nam a2200205 a 4500
001 13296
003 BD-RjUL
005 20211208235431.0
008 140130s1962 ukka 000 0 eng d
035 _a(BD-RjUL)13347
040 _a2509
_beng
_c2509
_dBD-RjUL
041 _aeng
082 0 4 _223
_a398.245
_bROO 1962
100 1 _aRoberts, Eric.
_941397
245 1 0 _aOddities of animal life /
_cillustrated by Gordon D. Hamilton-Grey.
260 _aLondon :
_bRoutledge & Kegan Paul,
_c1962.
300 _axi, 175p. :
_bill.;
_c19 cm.
650 0 _aAnimals
_xFolklore.
_938722
942 _2ddc
_cBK
999 _c13296
_d13296